Statystyki dla Kto Strzelił Wtedy Bramkę

Kliknij tutaj aby rozwiązać quiz!

Ogólne statystyki

  • Ten quiz został rozwiązany 93 razy
  • Średni wynik to 51 z 94

Statystyki odpowiedzi

Drużyny/Rozgrywki/Faza/Rok/WynikStrzelec% Poprawnych
Borussia Dortmund-Malaga/LM/Ćwierćfinał/2013/1:1Lewandowski
100%
FC Barcelona-Bayern Monachium/LM/Ćwierćfinał/2020/2:6Lewandowski
100%
Polska-Słowenia/ME/Eliminacje/2019/2:1Lewandowski
100%
Brazylia-Niemcy/MŚ/Półfinał/2014/0:1Muller
99%
FC Barcelona-Bayern Monachium/LM/Ćwierćfinał/2020/0:1Muller
99%
FC Barcelona-Bayern Monachium/LM/Ćwierćfinał/2020/1:4Muller
99%
FC Barcelona-Bayern Monachium/LM/Ćwierćfinał/2020/1:3Gnabry
90%
Francja-Argentyna/MŚ/1/8/2018/3:2Mbappe
90%
Francja-Argentyna/MŚ/1/8/2018/4:2Mbappe
90%
FC Barcelona-Bayern Monachium/LM/Ćwierćfinał/2020/2:4Suarez
88%
FC Barcelona-Bayern Monachium/LM/Ćwierćfinał/2020/1:1(GS)Alaba
83%
FC Barcelona-Bayern Monachium/LM/Ćwierćfinał/2020/2:5Kimmich
81%
Borussia Dortmund-Legia Warszawa/LM/Faza Grupowa/2016/6:2Reus
80%
Borussia Dortmund-Malaga/LM/Ćwierćfinał/2013/2:2Reus
80%
Borussia Dortmund-Legia Warszawa/LM/Faza Grupowa/2016/5:2Reus
80%
Manchester City-Tottenham/LM/Ćwierćfinał/2019/4:2Aguero
79%
Francja-Argentyna/MŚ/1/8/2018/4:3Aguero
79%
Portugalia-Hiszpania/MŚ/Faza Grupowa/2018/3:3Ronaldo
79%
Portugalia-Hiszpania/MŚ/Faza Grupowa/2018/2:1Ronaldo
79%
Portugalia-Hiszpania/MŚ/Faza Grupowa/2018/1:0Ronaldo
79%
FC Barcelona-Bayern Monachium/LM/Ćwierćfinał/2020/2:8Coutinho
78%
FC Barcelona-Bayern Monachium/LM/Ćwierćfinał/2020/2:7Coutinho
78%
PSG-FC Barcelona/LM/1/8/2017/1:0Di Maria
78%
PSG-FC Barcelona/LM/1/8/2017/3:0Di Maria
78%
Francja-Argentyna/MŚ/1/8/2018/1:1Di Maria
78%
Francja-Argentyna/MŚ/1/8/2018/1:0Griezmann
75%
Francja-Argentyna/MŚ/1/8/2018/2:2Pavard
73%
Manchester City-Tottenham/LM/Ćwierćfinał/2019/1:0Sterling
70%
Manchester City-Tottenham/LM/Ćwierćfinał/2019/3:2Sterling
70%
Manchester City-Tottenham/LM/Ćwierćfinał/2019/1:1Son
69%
Manchester City-Tottenham/LM/Ćwierćfinał/2019/1:2Son
69%
Francja-Rumunia/EURO/Faza Grupowa/2016/1:0Giroud
68%
AS Roma-FC Barcelona/LM/Ćwierćfinał/2018/3:0Manolas
68%
Brazylia-Niemcy/MŚ/Półfinał/2014/1:7Oscar
65%
PSG-FC Barcelona/LM/1/8/2017/4:0Cavani
64%
Francja-Rumunia/EURO/Faza Grupowa/2016/2:1Payet
64%
Brazylia-Niemcy/MŚ/Półfinał/2014/0:4Kroos
61%
Brazylia-Niemcy/MŚ/Półfinał/2014/0:3Kroos
61%
FC Barcelona-Bayern Monachium/LM/Ćwierćfinał/2020/1:2Perisić
61%
PSG-Manchester United/LM/1/8/2019/1:3Rashford
61%
AS Roma-FC Barcelona/LM/Ćwierćfinał/2018/1:0Dzeko
60%
Brazylia-Niemcy/MŚ/Półfinał/2014/0:6Schurrle
60%
Brazylia-Niemcy/MŚ/Półfinał/2014/0:7Schurrle
60%
Brazylia-Niemcy/MŚ/Półfinał/2014/0:2Klose
59%
Liverpool-Red Bull Salzburg/LM/Faza Grupowa/3:0Salah
58%
Liverpool-Red Bull Salzburg/LM/Faza Grupowa/4:3Salah
58%
Portugalia-Hiszpania/MŚ/Faza Grupowa/2018/1:1Costa
56%
Portugalia-Hiszpania/MŚ/Faza Grupowa/2018/2;2Costa
56%
Liverpool-Red Bull Salzburg/LM/Faza Grupowa/1:0Mane
56%
Manchester City-Olympique Lyon/LM/Ćwierćfinał/2020/1:1De Bruyne
53%
Borussia Dortmund-Legia Warszawa/LM/Faza Grupowa/2016/4:2Dembele
53%
Manchester City-Olympique Lyon/LM/Ćwierćfinał/2020/1:3Dembele
53%
Manchester City-Olympique Lyon/LM/Ćwierćfinał/2020/1:2Dembele
53%
Brazylia-Niemcy/MŚ/Półfinał/2014/0:5Khedira
51%
Portugalia-Hiszpania/MŚ/Faza Grupowa/2018/2:3Nacho
51%
Borussia Dortmund-Legia Warszawa/LM/Faza Grupowa/2016/6:3Kucharczyk
50%
Borussia Dortmund-Legia Warszawa/LM/Faza Grupowa/2016/3:2Prijović
50%
Borussia Dortmund-Legia Warszawa/LM/Faza Grupowa/2016/0:1Prijović
50%
Manchester City-Tottenham/LM/Ćwierćfinał/2019/2:2Silva
50%
Liverpool-Red Bull Salzburg/LM/Faza Grupowa/3:3Haaland
48%
Polska-Słowenia/ME/Eliminacje/2019/2:2Ilicić
45%
Borussia Dortmund-Malaga/LM/Ćwierćfinał/2013/3:2Santana
44%
Manchester City-Tottenham/LM/Ćwierćfinał/2019/4:3Llorente
43%
PSG-Manchester United/LM/1/8/2019/1:2Lukaku
43%
PSG-Manchester United/LM/1/8/2019/0:1Lukaku
43%
AS Roma-FC Barcelona/LM/Ćwierćfinał/2018/2:0De Rossi
40%
Borussia Dortmund-Legia Warszawa/LM/Faza Grupowa/2016/7:4Nikolić
40%
Polska-Słowenia/ME/Eliminacje/2019/3:2Góralski
38%
Liverpool-Red Bull Salzburg/LM/Faza Grupowa/3:2Minamino
36%
Borussia Dortmund-Legia Warszawa/LM/Faza Grupowa/2016/2:1Kagawa
34%
Borussia Dortmund-Legia Warszawa/LM/Faza Grupowa/2016/1:1Kagawa
34%
PSG-FC Barcelona/LM/1/8/2017/2:0Draxler
31%
Wisła Kraków-FC Barcelona/LM/Eliminacje/2008/1:0Cleber
30%
Polska-Słowenia/ME/Eliminacje/2019/1:0Szymański
30%
Francja-Argentyna/MŚ/1/8/2018/1:2Mercado
28%
Francja-Rumunia/EURO/Faza Grupowa/2016/1:1Stanciu
25%
Chelsea-Ajax/LM/Faza Grupowa/2019/1:3(GS)Kepa
23%
Chelsea-Ajax/LM/Faza Grupowa/2019/2:4Azpilicueta
21%
PSG-Manchester United/LM/1/8/2019/1:1Bernat
21%
Manchester City-Olympique Lyon/LM/Ćwierćfinał/2020/0:1Cornet
21%
Chelsea-Ajax/LM/Faza Grupowa/2019/0:1(GS)Abraham
19%
Borussia Dortmund-Legia Warszawa/LM/Faza Grupowa/2016/3:1Sahin
19%
Chelsea-Ajax/LM/Faza Grupowa/2019/1:4Van De Beek
19%
Chelsea-Ajax/LM/Faza Grupowa/2019/4:4James
18%
Borussia Dortmund-Malaga/LM/Ćwierćfinał/2013/0:1Joaquin
18%
Chelsea-Ajax/LM/Faza Grupowa/2019/1:1Jorginho
18%
Chelsea-Ajax/LM/Faza Grupowa/2019/3:4Jorginho
18%
Borussia Dortmund-Legia Warszawa/LM/Faza Grupowa/2016/7:3Passlack
18%
Polska-Słowenia/ME/Eliminacje/2019/1:1Matavz
13%
Borussia Dortmund-Legia Warszawa/LM/Faza Grupowa/2016/8:4(GS)Rzeźniczak
13%
Borussia Dortmund-Malaga/LM/Ćwierćfinał/2013/1:2Eliseu
9%
Chelsea-Ajax/LM/Faza Grupowa/2019/1:2Promes
9%
Liverpool-Red Bull Salzburg/LM/Faza Grupowa/2:0Robertson
6%
Liverpool-Red Bull Salzburg/LM/Faza Grupowa/3:1Hee Chan
3%

Rozkład punktacji

Percentyl według liczby udzielonych odpowiedzi

Procent ludzi z każdym wynikiem

Twoja historia wyników

Nie rozwiązałeś tego quizu